Češi přicházejí úvěrovým registrům na chuť

Úverové prostredie v ČR ako najvyspelejšie v Európe podľa štúdie Svetovej banky. Pozitívne hodnotenie kvality prístupnosti úverových informácií a pokrytie úverovými registrami. Funkcie úverových registrov. Registre ako zdroje informácií.

Gespeichert in:
Bibliographische Detailangaben
1. Verfasser: Kučera, Petr
Format: Buchkapitel
Sprache:Tschechisch
Schlagworte:
Tags: Tag hinzufügen
Keine Tags, Fügen Sie das erste Tag hinzu!

MARC

LEADER 00000naa$a2200000$$$4500
001 0056413
005 20231010094318.9
041 0 |a cze 
044 |a CZ 
245 1 0 |a Češi přicházejí úvěrovým registrům na chuť  |c Petr Kučera 
520 |a Úverové prostredie v ČR ako najvyspelejšie v Európe podľa štúdie Svetovej banky. Pozitívne hodnotenie kvality prístupnosti úverových informácií a pokrytie úverovými registrami. Funkcie úverových registrov. Registre ako zdroje informácií. 
610 2 0 |a Česko 
610 2 0 |a úver 
610 2 0 |a registre 
610 2 0 |a informácie 
610 2 0 |a Svetová banka 
100 1 |a Kučera, Petr